[Event "ch-CZE Blitz H18 2012"]
[Site "Prague CZE"]
[Date "2012.12.15"]
[Round "8.1"]
[White "Balacek,T"]
[Black "Toman,Ondrej"]
[Result "0-1"]
[WhiteElo "2216"]
[BlackElo "2101"]

1.d4 d5 2.Nf3 Nf6 3.c4 c6 4.Qb3 dxc4 5.Qxc4 Nbd7 6.g3 Nb6 7.Qc2 g6 8.Nc3 Bg7
9.Bg2 O-O 10.O-O Nbd5 11.e4 Nxc3 12.bxc3 Re8 13.Ba3 Nd7 14.Rad1 e6 15.Rfe1 Qc7
16.c4 Nb6 17.c5 Nd7 18.Nd2 Bxd4 19.Nb3 Bg7 20.f4 b6 21.e5 Bb7 22.Rc1 Rac8
23.cxb6 Qxb6+ 24.Nc5 Nxc5 25.Bxc5 Qa5 26.Qc3 Qxc3 27.Rxc3 Bf8 28.Bxa7 Bb4
29.Rb3 Bxe1 30.Rxb7 c5 31.Kf1 Bc3 32.Ke2 Red8 33.Rb3 Rd2+ 34.Kf3 Bd4 35.Bh3 h5
36.g4 h4 37.a4 Rf2+ 38.Ke4 Rxh2 39.Ra3 Re2+ 40.Kf3 Rf2+ 41.Ke4 Re2+ 42.Kf3 Rh2
43.Ke4 Bb2 44.Rf3 c4 45.Bg1 Re2+ 46.Be3 Bc1 47.Bf1 Re1 48.a5 Bxe3 49.Rxe3 Rxf1  0-1

[Event "XXII Elgoibar Masters"]
[Site "Elgoibar ESP"]
[Date "2012.12.17"]
[Round "9.3"]
[White "Mirzoev,A"]
[Black "Astasio Lopez,D"]
[Result "1/2-1/2"]
[WhiteElo "2553"]
[BlackElo "2400"]

1.d4 d5 2.c4 c6 3.Nf3 Nf6 4.Qc2 g6 5.Bf4 dxc4 6.Qxc4 Bf5 7.e3 Bg7 8.Be2 Qb6
9.Qb3 Qxb3 10.axb3 Nbd7 11.Nc3 O-O 12.h3 Nd5 13.Bh2 Nb4 14.O-O Bd3 15.Bxd3 Nxd3
16.Rfd1 Nb4 17.Kf1 Rfe8 18.Ke2 Bf8 19.g4 a6 20.Nd2 Rad8 21.Nde4 f6 22.Na4 Ra8
23.Bg3 Kf7 24.Rac1 Rec8 25.Nac5 Nxc5  1/2-1/2

[Event "Subotica IM 2012"]
[Site "Subotica SRB"]
[Date "2012.12.17"]
[Round "5.1"]
[White "Kumic,F"]
[Black "Pataki,G"]
[Result "1/2-1/2"]
[WhiteElo "2206"]
[BlackElo "2356"]

1.d4 d5 2.c4 c6 3.Nf3 Nf6 4.Qc2 dxc4 5.Qxc4 Bf5 6.Nc3 e6 7.g3 Be7 8.Bg2 Nbd7
9.O-O O-O 10.Re1 Ne4 11.Qb3 Qb6 12.Nh4 Qxb3 13.axb3 Bb4 14.g4 Nxc3 15.gxf5 Na2
16.Rd1 Nxc1 17.Raxc1 Rae8 18.fxe6 fxe6 19.Nf3 Bd6 20.Rc3 Nf6 21.e3 Nd5 22.Rcd3  1/2-1/2

[Event "19th Zadar Open B"]
[Site "Zadar CRO"]
[Date "2012.12.17"]
[Round "3.8"]
[White "Bozinovic,Bog"]
[Black "Medancic,R"]
[Result "1/2-1/2"]
[WhiteElo "2187"]
[BlackElo "2236"]

1.d4 d5 2.c4 dxc4 3.Nf3 c6 4.e3 Bf5 5.Bxc4 e6 6.O-O Nf6 7.Nc3 Be7 8.Qe2 Ne4
9.Nd2 Nxd2 10.Bxd2 Bg6 11.Rfd1 O-O 12.Rac1 Nd7 13.a3 a5 14.e4 Nf6 15.e5  1/2-1/2

[Event "Groningen Open A"]
[Site "Groningen NED"]
[Date "2012.12.21"]
[Round "1.2"]
[White "Brunello,S"]
[Black "Brunello,M"]
[Result "0-1"]
[WhiteElo "2583"]
[BlackElo "2257"]

1.d4 d5 2.c4 c6 3.Nf3 Nf6 4.g3 Bf5 5.Nc3 e6 6.Nh4 Bg6 7.Qb3 Qb6 8.Nxg6 hxg6
9.c5 Qc7 10.Bf4 Qc8 11.h4 Nbd7 12.Rc1 Nh5 13.Bg5 f6 14.Bd2 e5 15.Na4 Qc7
16.e4 dxe4 17.Qe6+ Be7 18.d5 Nf8 19.Qh3 cxd5 20.Bb5+ Kf7 21.c6 Rd8 22.g4 Nf4
23.Qb3 N8e6 24.cxb7 Qb8 25.Be3 Nd4 26.Bxd4 exd4 27.Kd1 Ne6 28.Bc6 Qe5 29.Qg3 Nf4
30.a3 e3 31.fxe3 dxe3 32.Kc2 Qe4+ 33.Kb3 Ne2 34.Qc7 Nxc1+ 35.Rxc1 e2 36.Nc3 e1=Q
37.Nxe4 Qxe4 38.Bd7 Qe3+ 39.Ka2 Rb8 40.Rc6 Rhd8 41.Re6 Qxe6 42.Bxe6+ Kxe6
43.b4 f5 44.g5 f4 45.Qxf4 Rxb7 46.Qg4+ Kf7 47.h5 gxh5 48.Qxh5+ Kg8 49.Kb3 Rc7
50.Qh2 Rc6 51.Qe5 Bf8 52.b5 Rcd6 53.Kc2 d4 54.Kd3 g6 55.a4 Bg7 56.Qc5 R8d7
57.a5 Kh7 58.Qc8 Re7 59.Qa8 Re3+ 60.Kd2 Re5 61.b6 axb6 62.a6 Rxg5 63.a7 Ra5
64.Kd3 Ra3+ 65.Kc4 Rxa7 66.Qxa7 d3 67.Qb7 d2 68.Qh1+ Kg8  0-1

[Event "19th Zadar Open A"]
[Site "Zadar CRO"]
[Date "2012.12.21"]
[Round "8.1"]
[White "Ivanov,Bor BUL"]
[Black "Predojevic,B"]
[Result "0-1"]
[WhiteElo "2227"]
[BlackElo "2600"]

1.d4 d5 2.c4 c6 3.Nf3 Nf6 4.Qc2 dxc4 5.Qxc4 Bg4 6.Ne5 Be6 7.Qd3 Nbd7 8.Nf3 Bg4
9.Nc3 e6 10.g3 Be7 11.Bg2 O-O 12.O-O Rc8 13.Rd1 Qa5 14.Bd2 Rfd8 15.h3 Bh5
16.Qc4 b5 17.Qb3 Qb6 18.g4 Bg6 19.Bf4 a5 20.a3 a4 21.Qa2 Bc2 22.Rd2 Bb3 23.Qb1 c5
24.e3 b4 25.axb4 Qxb4 26.Ne5 Nxe5 27.Bxe5 Nd7 28.Bg3 Nb6 29.Qe4 Nc4 30.Re2 cxd4
31.exd4 Nxb2 32.Rxb2 Qxc3 33.Qe2 Qxd4 34.Be5 Qd3  0-1

[Event "Groningen Open A"]
[Site "Groningen NED"]
[Date "2012.12.23"]
[Round "3.43"]
[White "Ypma,P"]
[Black "Gieben,Stijn"]
[Result "1-0"]
[WhiteElo "2157"]
[BlackElo "2048"]

1.d4 d5 2.c4 c6 3.Nf3 Nf6 4.g3 e6 5.Bg2 Bd6 6.b3 O-O 7.O-O Nbd7 8.Bb2 Ne4
9.Ne5 f5 10.f3 Nef6 11.Nd3 c5 12.e3 b6 13.Nd2 Ba6 14.Re1 Re8 15.e4 dxc4 16.Nxc4 Bf8
17.Rc1 Rc8 18.Kh1 cxd4 19.Bxd4 Nc5 20.Nxc5 Bxc5 21.Bxc5 Rxc5 22.e5 Bxc4 23.bxc4 Nd7
24.f4 Rc7 25.Re2 Nc5 26.Rd2 Rd7 27.Rd6 Qc7 28.Qd4 Red8 29.Rd1 g6 30.h3 Kf8
31.Kh2 Ke7 32.Qa1 Kf7 33.R1d2 Na6 34.Qd1 Nc5 35.Bf3 Ke7 36.Qa1 Rxd6 37.exd6+ Rxd6
38.Qg7+ Kd8 39.Qg8+ Kd7 40.Re2 Rd3 41.Bg2 Kd6 42.a4 a5 43.Qh8 Qf7 44.Qd8+ Nd7
45.Rb2 Kc5 46.Qc7+ Kd4 47.Rxb6 Ke3 48.Qa7 Qg7 49.Rxe6+ Kd2 50.Bf1 Qd4 51.Qxa5+ Rc3
52.Re2+ Kd1 53.Qb4 Nc5 54.Rg2 Rb3 55.Be2+ Kc1 56.Qe1+ Kb2 57.Bd1+  1-0

[Event "5th Marseille Open"]
[Site "Marseille FRA"]
[Date "2012.12.27"]
[Round "3.14"]
[White "Collas,S"]
[Black "Janev,T"]
[Result "1/2-1/2"]
[WhiteElo "2285"]
[BlackElo "2413"]

1.Nf3 d5 2.d4 Nf6 3.c4 c6 4.Qb3 dxc4 5.Qxc4 Bf5 6.e3 e6 7.Bd3 Nbd7 8.O-O Be7
9.Nbd2 Bxd3 10.Qxd3 c5 11.e4 cxd4 12.e5 Nc5 13.Qc4 Nd5 14.Qxd4 Nb6 15.Qg4 g6
16.Nb3 h5 17.Qb4 Rc8 18.Nxc5 Rxc5 19.Bg5 Rc4 20.Qb5+ Qd7 21.Qxd7+ Kxd7 22.Rfd1+ Nd5
23.Bxe7 Kxe7 24.Rd2 Rhc8 25.h4 Rc1+ 26.Rxc1 Rxc1+ 27.Kh2 Nb4 28.a3 Nc6 29.g3 Rc5
30.Re2 a5 31.Kg2 Rb5 32.Kf1 a4 33.Re4 Rxb2 34.Rxa4 Rb5 35.Re4 Rb3 36.Re3 Rxe3
37.fxe3 Na5 38.Nd2 Kd7 39.Ke2 Kc6 40.Kf3 Kd5 41.Kf4 Nc6 42.Ne4 b6 43.Nf6+ Kc4
44.Ne8 Kb3 45.Nd6 Kxa3 46.Nc4+ Kb4 47.Nxb6 Kc5 48.Nd7+ Kd5 49.Nf6+ Kc5 50.Nd7+ Kd5
51.Nf6+ Kc5  1/2-1/2

[Event "5th Marseille Open"]
[Site "Marseille FRA"]
[Date "2012.12.27"]
[Round "4.5"]
[White "Demuth,A"]
[Black "Collas,D"]
[Result "1/2-1/2"]
[WhiteElo "2480"]
[BlackElo "2401"]

1.d4 d5 2.c4 c6 3.Nf3 Nf6 4.Qc2 g6 5.Bf4 Bf5 6.Qb3 Qb6 7.Nc3 dxc4 8.Qxc4 Qxb2
9.Rc1 b5 10.Qb3 Qxb3 11.axb3 Nbd7 12.Nd2 Bg7 13.g4 Nxg4 14.h3 Ngf6 15.Bg2 Nh5
16.Bh2 Bxd4 17.Nxb5 Bb6 18.Rxc6 O-O 19.O-O Rac8 20.Rfc1  1/2-1/2

[Event "5th Marseille Open"]
[Site "Marseille FRA"]
[Date "2012.12.27"]
[Round "4.10"]
[White "Mullon,J"]
[Black "Houard,Y"]
[Result "1/2-1/2"]
[WhiteElo "2404"]
[BlackElo "2246"]

1.d4 d5 2.c4 c6 3.Nf3 Nf6 4.Qc2 dxc4 5.Qxc4 Bf5 6.g3 e6 7.Bg2 Nbd7 8.O-O Be7
9.e3 O-O 10.Qe2 Ne4 11.Rd1 Rc8 12.Ne1 Re8 13.Nd3 Qb6 14.g4 Bg6 15.Nf4 Nd6
16.Nc3 c5 17.d5 e5 18.Nxg6 hxg6 19.e4 a6 20.Rd3 Qd8 21.Rh3 Bg5 22.Be3 Bxe3
23.Qxe3 g5 24.Ne2 Nf8 25.Rh5 f6 26.Qh3 Ng6 27.Bf3 Kf7 28.Rh7 Rh8 29.Rxh8 Qxh8
30.Qxh8 Nxh8 31.a4 b6  1/2-1/2

[Event "Ptuj Open 2012"]
[Site "Ptuj SLO"]
[Date "2012.12.27"]
[Round "7.6"]
[White "Carli,Lara"]
[Black "Solmajer,L"]
[Result "1/2-1/2"]
[WhiteElo "1626"]
[BlackElo "2069"]

1.d4 d5 2.c4 c6 3.Nf3 Nf6 4.Qc2 e6 5.e3 Nbd7 6.Nc3 Bd6 7.cxd5 exd5 8.Bd3 O-O
9.O-O Re8 10.a3 Nf8 11.h3 Bd7 12.Bd2 Qc8 13.e4 dxe4 14.Nxe4 Nxe4 15.Bxe4 h6
16.Rfe1 Ne6 17.Bf5 Nf4 18.Rxe8+ Qxe8 19.Re1 Qc8 20.Bxd7 Qxd7 21.Bxf4 Bxf4
22.Qe4 Bd6 23.Nh4 Rd8 24.f4 Bf8 25.Nf3 c5 26.dxc5 Bxc5+ 27.Kh2 Qd5 28.Qxd5 Rxd5
29.Re5 Rxe5 30.Nxe5 Bd6 31.Kg3 f5 32.Nc4 Bc7 33.Kf3 Kf7 34.g4 Ke6 35.Ne3 g6
36.b3 a6 37.a4 b5 38.axb5 axb5 39.Kg3 fxg4 40.Kxg4 Bb6 41.f5+ gxf5+ 42.Nxf5 h5+
43.Kg5 Bd8+ 44.Kf4 Bf6 45.Ng3 Be5+ 46.Kf3 h4 47.Ne2 Kd5 48.Ke3 Kc5 49.Kd3 Kb4
50.Kc2 Bf6 51.Nf4  1/2-1/2

[Event "28th Post Open"]
[Site "Duesseldorf GER"]
[Date "2012.12.29"]
[Round "6.2"]
[White "Vasiljevs,J"]
[Black "Levin,F"]
[Result "1/2-1/2"]
[WhiteElo "2149"]
[BlackElo "2512"]

1.d4 d5 2.c4 dxc4 3.Nf3 c6 4.e3 Be6 5.a4 Nf6 6.Na3 Bd5 7.Bxc4 e6 8.Qe2 Bb4+
9.Bd2 Bxd2+ 10.Nxd2 Bxg2 11.Rg1 Be4 12.Nxe4 Nxe4 13.Rxg7 Qa5+ 14.Kf1 Nd7
15.Bd3 Nd2+ 16.Kg1 O-O-O 17.Rd1 Rhg8 18.Rg3 Nb3 19.Nc4 Qb4 20.Bxh7 Rh8 21.Bd3 Na5
22.Qd2 Qxd2 23.Nxd2 c5 24.Rc1 Kb8 25.Bb5 cxd4 26.exd4 Nf6 27.Rf3 Rdg8+ 28.Kh1 Ng4
29.Nf1 a6 30.Be2 f5 31.Rf4 Nf6 32.Bf3 Rd8 33.Ne3 Rd6 34.d5 Nxd5 35.Nxd5 exd5
36.Rxf5 Nb3 37.Rd1 Rdh6 38.Rfxd5 Rxh2+ 39.Kg1 R2h4 40.Rd7 Nc5 41.R7d4 Nxa4
42.Rd7 Nc5 43.Rf7 Rb4 44.Rc1 Nb3 45.Rcc7 Rg8+ 46.Rg7 Rxg7+ 47.Rxg7 Nd4 48.Bd5 Ne2+
49.Kf1 Nf4 50.Rg8+ Ka7 51.Bf7 Rxb2 52.f3 Rb6 53.Kf2 Rf6 54.Rg7 Ne6 55.Bxe6 Rxe6
56.f4 a5 57.Kf3 a4 58.f5 Ra6 59.Ke4 a3 60.Rg1 b5  1/2-1/2

[Event "Ptuj Open 2012"]
[Site "Ptuj SLO"]
[Date "2012.12.29"]
[Round "9.2"]
[White "Polajzer,D"]
[Black "Podkriznik,A"]
[Result "1-0"]
[WhiteElo "2295"]
[BlackElo "1787"]

1.Nf3 Nf6 2.d4 d5 3.c4 c6 4.Nbd2 e6 5.e3 Nbd7 6.Bd3 Bb4 7.O-O O-O 8.a3 Bd6
9.e4 dxe4 10.Nxe4 Nxe4 11.Bxe4 h6 12.Bc2 Re8 13.Re1 b5 14.cxb5 cxb5 15.Qd3 Nf6
16.Ne5 Bxe5 17.dxe5 Qxd3 18.Bxd3 Rd8 19.Bxb5 Rb8 20.a4 Nd5 21.Rd1 Bb7 22.Bd2 Kf8
23.Rac1 Kg8 24.f3 Kh7 25.b4 g6 26.Be2 Kg7 27.Kf2 g5 28.b5 Ba8 29.Be3 Rd7
30.Rc5 Rbd8 31.Rdc1 Bb7 32.a5 Ba8 33.Rc8 Rxc8 34.Rxc8 Bb7 35.Rc4 Nxe3 36.Kxe3 f5
37.g3 Kf7 38.f4 Ke7 39.a6 Be4 40.Rc8 Kf7 41.Rh8 Kg7 42.Re8 Kf7 43.Bh5+ Kg7
44.Rxe6 Rd3+ 45.Kf2 Rd2+ 46.Be2 g4 47.Ke3 Rd7 48.Rd6 Rc7 49.Bd3 Rc3 50.Kd2  1-0

[Event "XLII Rilton Cup"]
[Site "Stockholm SWE"]
[Date "2012.12.29"]
[Round "3.25"]
[White "Wenzel,B"]
[Black "Henriksson,Jo"]
[Result "1/2-1/2"]
[WhiteElo "2092"]
[BlackElo "2270"]

1.d4 d5 2.c4 c6 3.Nf3 Nf6 4.Qb3 g6 5.g3 dxc4 6.Qxc4 Be6 7.Qa4 Nbd7 8.Nc3 Nb6
9.Qc2 Bg7 10.Bg2 Bg4 11.e3 Qc8 12.O-O Bh3 13.e4 O-O 14.a4 Bxg2 15.Kxg2 c5
16.d5 e6 17.a5 Nc4 18.Ra4 exd5 19.e5 Nxe5 20.Nxe5 d4 21.Ne2 Nd5 22.Nd3 b5
23.axb6 Nxb6 24.Rc4 Nxc4 25.Qxc4 Qf5 26.Nef4 Rac8 27.Nd5 Rfe8 28.Bf4 Bf8
29.Ra1 Red8 30.Nc7 Qe4+ 31.Kg1 Qb7 32.Nxc5 Qc6 33.b4 Bxc5 34.Ra6 Qf3 35.Qxc5 d3
36.Rd6 Qe2 37.Qd4 Rxd6 38.Qxd6 Qe1+ 39.Kg2 Qe4+ 40.Kg1 Qe1+ 41.Kg2 Qe4+ 42.Kh3 h5
43.Nd5 Qf5+ 44.Kg2 Qe4+ 45.Kh3 Qf5+ 46.Kg2 Qe4+ 47.Kh3  1/2-1/2

[Event "XXIII Krakow Open"]
[Site "Krakow POL"]
[Date "2012.12.30"]
[Round "5.11"]
[White "Sieciechowicz,M"]
[Black "Pohjala,H"]
[Result "1-0"]
[WhiteElo "2443"]
[BlackElo "2312"]

1.d4 d5 2.c4 c6 3.Nf3 Nf6 4.Qc2 e6 5.g3 Nbd7 6.Bg2 b6 7.O-O Be7 8.Nbd2 Bb7
9.e4 dxc4 10.Nxc4 c5 11.e5 Nd5 12.Bg5 O-O 13.Bxe7 Qxe7 14.Rfd1 cxd4 15.Rxd4 Rfc8
16.Qd2 Rc7 17.Re1 Ba6 18.b3 Bxc4 19.bxc4 Nb4 20.Rg4 Rac8 21.a3 Na6 22.Qh6 f5
23.exf6 Nxf6 24.Rg5 Nc5 25.Ne5 Ncd7 26.Qh3 Rc5 27.Bf1 Nxe5 28.Rgxe5 Rxe5
29.Rxe5 Re8 30.a4 Nd7 31.Rh5 g6 32.Rb5 Nc5 33.a5 Qd6 34.axb6 axb6 35.Qg4 Rf8
36.Rb2 Ra8 37.Qe2 Rd8 38.h4 Kg7 39.h5 Rd7 40.Qe3 Rd8 41.Ra2 Rd7 42.Ra8 Rd8
43.Ra7+ Rd7 44.h6+ Kg8 45.Ra8+ Rd8 46.Qc3 e5 47.Rxd8+ Qxd8 48.Qxe5 Qf8 49.Bg2 Qxh6
50.Bd5+  1-0

[Event "XLII Rilton Cup"]
[Site "Stockholm SWE"]
[Date "2012.12.30"]
[Round "4.25"]
[White "Lissang,C"]
[Black "Andriyanov,Ivan"]
[Result "0-1"]
[WhiteElo "2257"]
[BlackElo "2010"]

1.d4 d5 2.Nf3 Nf6 3.c4 c6 4.Qc2 dxc4 5.Qxc4 Bf5 6.g3 e6 7.Bg2 Be7 8.O-O O-O
9.e3 Nbd7 10.Qe2 Qc7 11.Nc3 e5 12.Nxe5 Nxe5 13.dxe5 Qxe5 14.e4 Be6 15.Bf4 Qa5
16.a3 Bb3 17.e5 Nd5 18.Bd2 Qc7 19.Nxd5 Bxd5 20.Bc3 Rfd8 21.Bh3 Bc5 22.Rac1 Qe7
23.Rfe1 Re8 24.b4 Bb6 25.Rcd1 Rad8 26.Qb2 Bc4 27.e6 fxe6 28.Rxd8 Rxd8 29.Kg2 Bd5+
30.Kg1 Qf7 31.Bd4 Qf3 32.Bxe6+ Bxe6 33.Bxb6  0-1

[Event "Australian Open 2013"]
[Site "Cammeray AUS"]
[Date "2013.01.03"]
[Round "2.44"]
[White "Chmiel,R"]
[Black "Willathgamuwa,Kevin"]
[Result "1-0"]
[WhiteElo "1860"]
[BlackElo "1689"]

1.d4 d5 2.Nf3 Nf6 3.c4 c6 4.Qc2 Bg4 5.Ne5 Bh5 6.Qb3 Qb6 7.c5 Qxb3 8.axb3 Nbd7
9.Nd3 e6 10.Nc3 Be7 11.Bf4 h6 12.b4 g5 13.Bg3 Bg6 14.e3 Nh5 15.f3 f6 16.b5 Nxg3
17.hxg3 Kd8 18.bxc6 bxc6 19.Nb4 Nb8 20.Na4 a5 21.Nb6 Ra7 22.Nd3 Nd7 23.b4 Nxb6
24.cxb6 Ra8 25.Nc5 Bxc5 26.bxc5 Kc8 27.g4 Bc2 28.Kd2 Bb3 29.Kc3 a4 30.Bd3 Kb7
31.Bc2 Bxc2 32.Kxc2 Ra5 33.Ra3 Ra6 34.Kc3 Ra5 35.Rh5 Rh7 36.g3 Rh8 37.Rh2 e5
38.f4 e4 39.fxg5 fxg5 40.Rf2 Rh7 41.Rf6 h5 42.gxh5 Rxh5 43.Rf7+ Kb8 44.Rg7 Ka8
45.Ra2 Kb8 46.Rf2 Rh8 47.Kb4 Ra6 48.Ka3 Ka8 49.Rf6 Kb8 50.Rxc6 Rf8 51.Rd6 Rc8
52.Rxd5 Re8 53.Rdxg5 Rc8 54.Re5 Rf8 55.Rxe4 Rd8 56.Ree7 Rf8 57.Rgf7 Rxf7
58.Rxf7 Ra5 59.c6 Rd5 60.Rf8+ Rd8 61.Rxd8+  1-0

[Event "25th Staufer Open"]
[Site "Schwaebisch Gmuend GER"]
[Date "2013.01.03"]
[Round "3.6"]
[White "Smolny,F"]
[Black "Krivoborodov,E"]
[Result "0-1"]
[WhiteElo "2169"]
[BlackElo "2513"]

1.d4 d5 2.Nf3 Nf6 3.c4 c6 4.Qc2 dxc4 5.Qxc4 Bf5 6.g3 e6 7.Bg2 Nbd7 8.O-O Be7
9.Nc3 O-O 10.Re1 Ne4 11.Nd2 Nb6 12.Qb3 Nxd2 13.Bxd2 Qxd4 14.e4 Bg6 15.Red1 Bh5  0-1

[Event "XXIII Krakow Open"]
[Site "Krakow POL"]
[Date "2013.01.04"]
[Round "9.14"]
[White "Mishuchkov,N"]
[Black "Pohjala,H"]
[Result "1/2-1/2"]
[WhiteElo "2394"]
[BlackElo "2312"]

1.Nf3 d5 2.d4 Nf6 3.c4 c6 4.Nbd2 Bf5 5.Nh4 Bg4 6.Qb3 Qb6 7.h3 Bh5 8.g4 Bg6
9.Nxg6 hxg6 10.Bg2 e6 11.c5 Qxb3 12.Nxb3 e5 13.dxe5 Nfd7 14.e4 dxe4 15.Be3 Na6
16.Rc1 Nxe5 17.Bxe4 O-O-O 18.Ke2 Nb4 19.Bd4 Re8 20.Be3 Nd7 21.Rc4 Na6 22.f3 Nf6
23.Kf2 Nxe4+ 24.fxe4 Be7 25.Nd2 Nc7 26.Nf3 f5 27.exf5 gxf5 28.gxf5 Ref8 29.b4 Nd5
30.Bd2 Rxf5 31.Kg2 Rhf8 32.Rf1 Bf6 33.Nh2 Rxf1  1/2-1/2

[Event "XXIII Krakow Open"]
[Site "Krakow POL"]
[Date "2013.01.04"]
[Round "9.13"]
[White "Hnydiuk,A"]
[Black "Lewtak,Da"]
[Result "1-0"]
[WhiteElo "2416"]
[BlackElo "2195"]

1.d4 d5 2.c4 c6 3.Nf3 Nf6 4.Qc2 dxc4 5.Qxc4 Bf5 6.g3 h6 7.Bg2 Nbd7 8.O-O e6
9.e3 Be7 10.Rd1 O-O 11.Nc3 Ne4 12.Ne1 Nxc3 13.Qxc3 Bg4 14.f3 Bh5 15.Nd3 Bg6
16.e4 Rc8 17.Be3 Qc7 18.b4 f5 19.Bf4 Qb6 20.Nc5 Nf6 21.Nxe6 Bxb4 22.Qb3 Rfe8
23.Rab1 Bf7 24.Qxb4 Bxe6 25.Qxb6 axb6 26.Rxb6 Bxa2 27.Rxb7 fxe4 28.fxe4 Nxe4
29.Ra1 Ra8 30.Bxe4 Rxe4 31.Rb2 g5 32.Be5 c5 33.Rbxa2 Rxa2 34.Rxa2 cxd4 35.Bd6 Kf7
36.Kf2 Ke6 37.Bf8 h5 38.Re2 Kf5 39.Rxe4 Kxe4 40.Be7 g4  1-0

[Event "25th Staufer Open"]
[Site "Schwaebisch Gmuend GER"]
[Date "2013.01.04"]
[Round "5.3"]
[White "Epishin,V"]
[Black "Krivoborodov,E"]
[Result "1-0"]
[WhiteElo "2582"]
[BlackElo "2513"]

1.d4 d5 2.Nf3 Nf6 3.c4 c6 4.Qb3 dxc4 5.Qxc4 Bf5 6.e3 e6 7.Bd3 Bxd3 8.Qxd3 c5
9.Nc3 Nc6 10.Ke2 cxd4 11.Nxd4 Nxd4+ 12.Qxd4 Qxd4 13.exd4 Be7 14.Rd1 Nd5 15.Nxd5 exd5
16.Rd3 Rc8 17.Rb3 b6 18.Rb5 Rd8 19.a4 Rd7 20.a5 Bd8 21.Kd3 Bc7 22.axb6 Bxb6
23.Bd2 Ke7 24.Bb4+ Kf6 25.Bc5 Rb8 26.Ra6 Rdb7 27.Kc3 Ke6 28.Kb4 Kf5 29.Bxb6 Rxb6
30.Raxb6 Rxb6 31.Kc5 Rg6 32.g3 Kg4 33.Kxd5 Rf6 34.f4 Rh6 35.Ke4 Kh3 36.d5 Kxh2
37.Rb3 Ra6 38.Rd3  1-0

[Event "Australian Open 2013"]
[Site "Cammeray AUS"]
[Date "2013.01.07"]
[Round "6.39"]
[White "Deen Cowell,N"]
[Black "Jack,Martin"]
[Result "1-0"]
[WhiteElo "1904"]
[BlackElo "1758"]

1.d4 d5 2.c4 c6 3.Nf3 Nf6 4.Qb3 e6 5.Bg5 Nbd7 6.e3 Qa5+ 7.Nc3 Ne4 8.Bf4 g5
9.Bg3 h5 10.h4 Nxg3 11.fxg3 g4 12.Nd2 Nf6 13.Bd3 Bd6 14.Ne2 dxc4 15.Qxc4 Nd5
16.Be4 Nxe3 17.Qd3 Nd5 18.O-O Ne7 19.Qe3 f5 20.Bc2 Nd5 21.Qg5 Kf7 22.Nc4 Qc7
23.Rae1 b5 24.Nxd6+ Qxd6 25.Nc3 Nf6 26.Bb3 Nd5 27.Re5 Qd8 28.Qd2 Kg6 29.Ne4 a5
30.Nc5 Re8 31.Rfe1 Qf6 32.Bc2 Nc7 33.Bxf5+ exf5 34.Rxe8 Nxe8 35.Rxe8 Kf7
36.Qe3 a4 37.Nd7 Qd6 38.Rf8+ Kg7 39.Qg5+ Qg6 40.Rg8+  1-0

[Event "Australian Open 2013"]
[Site "Cammeray AUS"]
[Date "2013.01.12"]
[Round "10.34"]
[White "Deen Cowell,N"]
[Black "Willathgamuwa,Kevin"]
[Result "0-1"]
[WhiteElo "1904"]
[BlackElo "1689"]

1.d4 d5 2.c4 c6 3.Nf3 Nf6 4.Qc2 g6 5.Bf4 Bg7 6.e3 O-O 7.Nc3 Nbd7 8.Bd3 dxc4
9.Bxc4 b5 10.Bb3 Bb7 11.O-O a6 12.Rad1 Qb6 13.Qe2 Rfd8 14.e4 e6 15.Bg5 h6
16.Bh4 g5 17.Bg3 c5 18.d5 exd5 19.Nxd5 Nxd5 20.Bxd5 Bxd5 21.exd5 Nf6 22.d6 Nh5
23.Qe7 Nxg3 24.hxg3 Bf8 25.Qc7 Rxd6 26.Qxb6 Rxb6 27.Rd7 Rd6 28.Rc7 c4 29.Re1 Rad8
30.Ne5 Re6 31.Rxf7 Rxe5 32.Rxf8+ Kxf8 33.Rxe5 Rd1+ 34.Kh2 Rd2 35.b3 Rxa2
36.bxc4 b4 37.Re6 a5 38.Rb6 Ke7 39.f4 gxf4 40.gxf4 Rc2 41.Rb5 Rxc4 42.Rxa5 Rxf4
43.Rb5 Kd6 44.Rb6+ Kc5 45.Rxh6 b3 46.Rh8 b2 47.Rb8 Rb4  0-1

[Event "TCh-FIN SM 2012-13"]
[Site "Espoo FIN"]
[Date "2013.01.12"]
[Round "8.1"]
[White "Nyback,T"]
[Black "Solozhenkin,E"]
[Result "1/2-1/2"]
[WhiteElo "2618"]
[BlackElo "2475"]

1.d4 d5 2.c4 c6 3.Nf3 Nf6 4.Qc2 dxc4 5.Qxc4 Bf5 6.g3 e6 7.Bg2 Be7 8.O-O Nbd7
9.e3 O-O 10.Qe2 Rc8 11.Rd1 Qc7 12.Nc3 Ne4 13.Nd2 Nxc3 14.bxc3 Bc2 15.Re1 c5
16.Nb3 Bg6 17.Ba3 b6 18.Qa6 Nb8 19.Qa4 Qd7 20.Qxd7 Nxd7 21.Rac1 Rfd8 22.Red1 Kf8  1/2-1/2

[Event "73rd ch-ARM 2013"]
[Site "Yerevan ARM"]
[Date "2013.01.12"]
[Round "1.1"]
[White "Aghasaryan,R"]
[Black "Andriasian,Z"]
[Result "1/2-1/2"]
[WhiteElo "2443"]
[BlackElo "2598"]

1.d4 d5 2.c4 c6 3.Nf3 Nf6 4.Qc2 dxc4 5.Qxc4 Bg4 6.Nbd2 Nbd7 7.g3 e6 8.Bg2 Be7
9.O-O O-O 10.Ne5 Bh5 11.Nxd7 Nxd7 12.Nb3 a5 13.a4 Nb6 14.Qc2 Nd5 15.e4 Nb4
16.Qc4 b6 17.h3 Kh8 18.Be3 Rc8 19.Rfc1 Qd7 20.Nd2 c5 21.g4 Bg6 22.Qb5 Qxb5
23.axb5 cxd4 24.Rxc8 Rxc8 25.Bxd4 Bg5 26.Rd1 Bd8 27.b3 Bc7 28.Nc4 Rd8 29.Bf3 Bxe4
30.Bxb6 Rxd1+ 31.Bxd1 Bxb6 32.Nxb6 Bd3 33.Nc4 a4  1/2-1/2

[Event "PSC Cup 2013"]
[Site "Manila PHI"]
[Date "2013.01.15"]
[Round "3.14"]
[White "Pimentel,J"]
[Black "Barbosa,O PHI"]
[Result "0-1"]
[WhiteElo "2174"]
[BlackElo "2574"]

1.d4 d5 2.c4 c6 3.Nf3 Nf6 4.Nbd2 Bf5 5.Nh4 Be6 6.e3 g6 7.Bd3 Bg7 8.O-O O-O
9.b3 c5 10.Bb2 cxd4 11.exd4 Nc6 12.Nhf3 a5 13.Re1 a4 14.c5 Bf5 15.Qc2 Nd7
16.Rac1 axb3 17.axb3 Bxd3 18.Qxd3 b6 19.Qb5 Na7 20.Qe2 bxc5 21.Qxe7 Qxe7
22.Rxe7 Rfd8 23.Ra1 Bf6 24.Ree1 Nc6 25.Ne5 Rxa1 26.Bxa1 Bxe5 27.dxe5 Ra8
28.Nf3 Ra3 29.h4 Nf8 30.Rb1 Ne6 31.Bc3 Ra8 32.Ra1 Rxa1+ 33.Bxa1 Nf4 34.Kf1 Nd3
35.Bc3 h5 36.g3 Kf8 37.Bd2 Ncxe5 38.Nxe5 Nxe5 39.b4 cxb4 40.Bxb4+ Ke8 41.Bc3 Nc6
42.Ke2 Kd7 43.Kd3 Ke6 44.Bb2 Kf5 45.f3 Ne5+ 46.Ke2 f6 47.Bc3 g5 48.hxg5 fxg5
49.Kf2 Nc6 50.Ke3 g4 51.fxg4+ Kxg4 52.Be1 Ne7 53.Kf2 Nf5 54.Kg2 d4 55.Ba5 Nxg3
56.Bb6 d3 57.Ba5 Ne4 58.Kf1 Kf3 59.Ke1 h4 60.Bc7 h3 61.Bh2 d2+  0-1

[Event "PSC Cup 2013"]
[Site "Manila PHI"]
[Date "2013.01.17"]
[Round "5.4"]
[White "Nadera,B"]
[Black "Barbosa,O PHI"]
[Result "1/2-1/2"]
[WhiteElo "2392"]
[BlackElo "2574"]

1.d4 d5 2.Nf3 Nf6 3.c4 c6 4.Qc2 dxc4 5.Qxc4 Bg4 6.Ne5 Be6 7.Qd3 Nbd7 8.Nf3 Bg4
9.Nc3 e6 10.g3 Be7 11.Bg2 Bf5 12.Qd1 Ne4 13.Nd2 Nxd2 14.Qxd2 O-O 15.O-O Bg6
16.Rd1 a5 17.h3 a4 18.a3 Qa5 19.e4 Rfd8 20.Qe2 f6 21.Be3 e5 22.d5 Bf7 23.Rac1 Bc5
24.Kh2 Bxe3 25.Qxe3 Nb6 26.dxc6 bxc6 27.Bf1 Nc4 28.Bxc4 Bxc4 29.Rxd8+ Rxd8
30.Rd1 Bb3 31.Rd2 h6 32.Kg2 Kh7 33.h4 Qc7 34.Rd3 Bc2 35.Rd2 Bb3 36.Rd3 Bc2  1/2-1/2

[Event "38th Seville Open"]
[Site "Seville ESP"]
[Date "2013.01.17"]
[Round "7.11"]
[White "Herraiz Hidalgo,H"]
[Black "Aranaz Murillo,A"]
[Result "1/2-1/2"]
[WhiteElo "2488"]
[BlackElo "2251"]

1.d4 d5 2.c4 c6 3.Nf3 Nf6 4.Qc2 g6 5.Bf4 Bg7 6.e3 O-O 7.Nc3 c5 8.Be2 Nc6
9.dxc5 Qa5 10.Qa4 Qxc5 11.Qb5 Qxb5 12.cxb5 Nb8 13.O-O Nbd7 14.Rac1 a6 15.bxa6 b6
16.Ne5 Nxe5 17.Bxe5 Bxa6 18.Bxa6 Rxa6 19.a3 e6 20.Rfd1 Raa8 21.f3 Rfc8 22.Bd4 Rc4
23.Nb5 Rxc1 24.Rxc1 Nd7 25.Rc7 Rd8 26.Bxg7 Kxg7 27.Nd6 Ne5 28.f4 Nf3+ 29.gxf3 Rxd6
30.Kf2 h6 31.Ke2 g5 32.fxg5 hxg5 33.Kd3 e5 34.b4 d4 35.Rb7  1/2-1/2

[Event "Dvorkovich Mem 2013"]
[Site "Taganrog RUS"]
[Date "2013.01.18"]
[Round "4.14"]
[White "Tunik,G"]
[Black "Baraeva,I"]
[Result "1-0"]
[WhiteElo "2437"]
[BlackElo "2159"]

1.d4 d5 2.c4 c6 3.Nf3 Nf6 4.Qc2 dxc4 5.Qxc4 Bg4 6.Nbd2 Nbd7 7.g3 e6 8.Bg2 Be7
9.O-O O-O 10.Ne5 Bh5 11.Nxd7 Qxd7 12.Nb3 Rfd8 13.e4 Bg6 14.Qe2 Rac8 15.Bf4 Nh5
16.Be3 Nf6 17.f3 Qc7 18.Rfd1 a5 19.Rac1 h6 20.Nc5 Nd7 21.Nd3 e5 22.d5 Qd6
23.Nf2 cxd5 24.Rxc8 Rxc8 25.Rxd5 Qc7 26.Bh3 Nf6 27.Rxe5 Ra8 28.Rb5 a4 29.e5 Nd7
30.f4 Bh7 31.Bg2 Rb8 32.Ba7 Rd8 33.Rxb7 Qc1+ 34.Qf1 Qc8 35.Be3 Bc5 36.Qc1 Bxe3
37.Qxe3 Nc5 38.Ra7 Bb1 39.Ra8  1-0

[Event "73rd ch-ARM 2013"]
[Site "Yerevan ARM"]
[Date "2013.01.18"]
[Round "6.3"]
[White "Aghasaryan,R"]
[Black "Ter Sahakyan,S"]
[Result "1/2-1/2"]
[WhiteElo "2443"]
[BlackElo "2567"]

1.d4 d5 2.c4 c6 3.Nf3 Nf6 4.Qc2 dxc4 5.Qxc4 Bf5 6.g3 e6 7.Bg2 Be7 8.O-O Nbd7
9.Nc3 O-O 10.Re1 Ne4 11.Qb3 Qb6 12.Nh4 Bxh4 13.gxh4 Ndf6 14.Nxe4 Bxe4 15.f3 Bd5
16.Qxb6 axb6 17.a3 Bc4 18.e4 b5 19.Re3 b4 20.b3 Bb5 21.a4 Rfd8 22.Re1 Bd3
23.Be3 Bc2 24.a5 Bxb3 25.Reb1 Bc4 26.Rxb4 b5 27.Bf1 Bxf1 28.Kxf1 Kf8 29.a6 Ke7
30.Rb2 Kd7 31.a7 Rdc8 32.Bf4 Nh5 33.Bb8 Nf6 34.Ra6 Kd8 35.Rba2 Nd7 36.Bd6 f6
37.Rg2 g6 38.h5 Ke8 39.hxg6 hxg6 40.Rxg6 Kf7 41.Rg2 e5 42.Rd2 exd4 43.Rxd4 c5
44.Rd1 c4 45.Ke2 c3 46.Ra5 Rc6 47.Bb4 Ne5 48.f4 Rc4 49.fxe5 Rxb4 50.Kd3 fxe5
51.Kxc3 Rxe4 52.Rd7+ Ke6 53.Rb7 Ra4 54.Rb6+ Kf5 55.Rxa4 bxa4 56.Ra6 Kf4 57.Rxa4+ Kf3
58.Ra6 e4 59.Rf6+ Ke2 60.Rf7 e3 61.Re7 Kf2 62.Kd3 Rd8+ 63.Kc4 e2 64.Kb5 e1=Q
65.Rxe1 Kxe1 66.Kb6 Kf2 67.Kb7 Kf3 68.a8=Q Rxa8 69.Kxa8 Kg4 70.h4  1/2-1/2